000 00314nam a2200133 i 4500
001 bg
100 1 _aKUDEROWICZ, Zbigniew
245 0 _aFilozofia nowożytnej Europy /
_cZ.Kuderowicz.
260 _aWarszawa,
_c1989.
040 _cBPK
041 _apol
942 _cKS
008 s pl f |000 0 pol
999 _c29049
_d29049
856 _uhttp://koha.tu.koszalin.pl/cgi-bin/koha/opac-detail.pl?biblionumber=29049
_yKatalog online BPK